Loading...

Contesting performance: global sites of research /

Bibliographic Details
Other Authors: Mckenzie, Jon, Roms, Heike (Wee, C.J. W.L.)
Format: Printed Book
Language:English
Published: New York: Palgrave Macmillan, 2010.
Subjects:
LEADER 00750 a2200193 4500
008 150103s9999 000 0 eng
020 |a 9780230008458 
082 |a 791.072 
245 |a Contesting performance:  |b global sites of research / 
260 |a New York:  |b Palgrave Macmillan,  |c 2010. 
300 |a 261 p. 
500 |a Hard bind 
650 |a Performance 
700 |a Mckenzie, Jon 
700 |a Roms, Heike  |e Wee, C.J. W.L. 
942 |c BK 
999 |c 307546  |d 307546 
952 |0 0  |1 0  |2 ddc  |4 0  |6 791_072000000000000_MCK_CO  |7 0  |9 352932  |a DRA  |b DRA  |c ST1  |d 2015-07-27  |i 8819  |l 0  |o 791.072 MCK/CO  |p DRA8819  |r 2019-01-03  |w 2019-01-03  |y BK 
952 |0 0  |1 0  |2 ddc  |4 0  |6 791_072000000000000  |7 0  |9 352933  |a DRA  |b DRA  |c ST1  |d 2015-07-27  |l 0  |o 791.072  |r 2019-01-03  |v 4262.50  |w 2019-01-03  |y BK